Visualizzazione normale
Vista MARC
- Toussaint Olivier
di Personal Name
Records bibliografici associati: 1
001 - CONTROL NUMBER
- control field: 11368
003 - CONTROL NUMBER IDENTIFIER
- control field: IT-RoPau
005 - DATE AND TIME OF LATEST TRANSACTION
- control field: 20140129095718.0
008 - FIXED-LENGTH DATA ELEMENTS
- fixed length control field: 140129|| aca||aabn | a|a d
040 ## - CATALOGING SOURCE
- Original cataloging agency: IT-RoPau
- Transcribing agency: IT-RoPau
100 ## - HEADING--PERSONAL NAME
- Personal name: Toussaint Olivier
- Miscellaneous information: Codice autore musica SPICS: 14363
- Relator term: Autore musica
- Name of part/section of a work: Dolannes melody
670 ## - SOURCE DATA FOUND
- Source citation: Work cat.: (IT-RoPau)99066: AA.VV. 794, Mein Leben Ist Musik